000 00535nam a2200169 i 4500
001 59057
003 ES-MaACL
005 20230906163942.0
007 t|
008 031027s1940 ddr ||||1| ger d
100 1 _aEhrhardt, Alfred.
_946789
245 1 0 _aNiederdeutsche madonnen ein bilderwerk mit 120 tafeln /
_cvon Alfred Ehrhardt ; beschrieben von Hans Wentzel.
260 _aHamburgo :
_bEllermann,
_c1940.
300 _aXXXVIII, 120 lám. ;
_c30 cm.
700 1 _aWentzel, Hans.
_9116492
852 _aES-MaACL
_jF-15376
_bR.19078
999 _c59057
_d59057